Chronika velikich dnej.
Uložené v:
| Hlavný autor: | |
|---|---|
| Médium: | Kniha |
| Jazyk: | Slovak |
| Vydané: |
Doneck,
1977.
|
| Fyzický popis: |
253 s. |
| Tagy: |
Pridať tag
Žiadne tagy, Buďte prvý kto otaguje tento záznam!
|
Titul je dostupný aj v ... 

MARC
| LEADER | 00000nam a22000004a 4500 | ||
|---|---|---|---|
| 001 | 000616143 | ||
| 005 | 20190513131306.0 | ||
| 008 | 190513s1977 xo e 000 0 slo d | ||
| 040 | |a SVKKK |b slo |c SVKKK |e AACR2 | ||
| 100 | 1 | |a Peršak, Dmitrij Artemovič | |
| 245 | 1 | 0 | |a Chronika velikich dnej. |
| 260 | |a Doneck, |c 1977. | ||
| 300 | |a 253 s. | ||
| 500 | |a Záznam revízie | ||
| 910 | |a svkkk | ||
| 998 | |a BK | ||
| 090 | |g SCKHL |k Sklad Hlavná 10 suterén |a I.51982 |j 628490 |i 2720657450 |4 Zastaraná |s Vyradená | ||